Súperovi ponúkli víťazstvo 28. ročník medzinárodného turnaja hádzanárok O Štít mesta Cheb

Bibliographic Details
Format: Article
Language:Slovak
ISSN:0139-7001
Subjects:

MARC

LEADER 00000nab a2200000 a 4500
001 vtls000751936
003 SK-MaSNL
005 20260302192704.0
008 180206c2001 xo 0 slo
015 |a SNBRB2001/03-09766 
035 |a CLN000103727 
040 |a SNKBUCL  |b slo  |c SNKBUCL  |e AACR2 
041 0 |a slo 
044 |a xo  |c SK 
080 |a 796.322.093.1  |2 UDC-MRF-SK2 
245 0 0 |a Súperovi ponúkli víťazstvo  |b 28. ročník medzinárodného turnaja hádzanárok O Štít mesta Cheb  |c Anton Pňaček 
611 1 7 |a O Štít mesta Cheb  |d 2001  |c Cheb, Česko  |2 snkbucl  |9 910197 
650 0 7 |a hádzaná  |x ženy  |x Slovensko-Poľsko  |2 snkbucl  |9 906030 
655 7 |a články z novín a časopisov  |2 snkbucl  |9 267496 
773 0 |x 0139-7001  |t Šport  |g Roč. 55, č. 65 (19.3.2001), s. 3 
850 |a Slovenská národná knižnica v Martine 
852 |a SNK  |b KIS3GCP 
958 |a RBX 
999 |c 1441721  |d 1443651